000 01452cam a22003977a 4500
003 CHAP
005 20220817043608.0
008 000121d mx r 00110 spa d
010 _a79407
011 _a80379
035 _a90829
040 _cCHAP
090 _aTesis
100 0 0 _aMedina Isabel, Miguel.
_973975
245 1 3 _aEl comercio de azúcares y jarabes en el TLCAN
_c/por Miguel Medina Isabel
260 _aChapingo, Méx. :
_bEl autor,
_c1999.
300 _a87 h. :
_bgráfs.
502 _aTesis (Lic. en Comercio Internacional de Productos Agropecuarios) -- UACH. División de Ciencias Económico-Administrativas
590 _aALEPH
_b10
_c20130110
_lUCH01
_h1431
590 _aBATCH-UPD
_b10
_c20130110
_lUCH01
_h0653
590 _aBATCH-UPD
_b10
_c20130110
_lUCH01
_h2355
590 _aBATCH-UPD
_b10
_c20130410
_lUCH01
_h0338
590 _aBATCH-UPD
_b10
_c20130410
_lUCH01
_h1641
590 _aBATCH-UPD
_b10
_c20130914
_lUCH01
_h0511
590 _aCONVERSION
_b10
_c20130109
_lUCH01
_h1344
650 1 4 _aAzúcar
_xMercadeo
_xMéxico.
_99165
650 1 4 _aAzúcar
_xProducción
_xMéxico.
_99174
650 1 4 _aJarabe de maíz.
_961111
650 1 4 _aTratado Trilateral de Libre Comercio.
901 _aBK
905 _aPatricia Mendoza P.
942 _cFOLL
949 _bBC
_cTES
_d33724000745451
_eTS2
_fc.2
_h34863
_i90829
_sb
949 _bBC
_cTES
_d33724000752424
_eTS2
_fc.3
_h35638
_i90829
_sb
949 _bBC
_cTES
_d90829
_eTS1
_h34862
_i90829
_sb
999 _c79407
_d79407